00542 2200205 4500001002100000005001500021035002000036007000300056008004100059020002200100082000800122084001400130100001600144245006800160260003200228300003300260650001100293650001200304990002000316INLIS00000000000291020260505075121 a0010-0526000001ta260505 g 0 ind  a978-634-7102-31-7 a141 a141 MAL p1 aMalaka, Tan1 aPandangan Hidup :bTentang Filsafat, Sejarah, Agama, dan Negara aYogyakarta :bNarasi,c2025 avi + 106 hlm. ;c14 x 20 cm. 4aSosial 4aPolitik a20260501.04.010